000 00583nam a22002417a 4500
005 20260320145905.0
008 160119b2014 xxu||||| |||| 00| | spa d
020 _a9786070724961
041 _aESP
082 _a364.177.098.61 ES74p
100 _aEscobar, Juan Pablo
_958673
245 _aPablo Escobar mi padre
260 _aMéxico
260 _bPlaneta
260 _c2014
300 _a470 páginas
490 _aInvestigación Criminal
650 _aNARCOTRAFICO
650 _aDROGAS
650 _aPABLO ESCOBAR
650 _aCARTELES DE DROGA
942 _cLIT
_2ddc
999 _c7420
_d7420